[Event "World Cup 2009"]
[Site "0:31.06-0:30.44"]
[Date "2009.11.27"]
[Round "31"]
[White "Tomashevsky, Evgeny"]
[Black "Shirov, Alexei"]
[Result "1/2-1/2"]
[WhiteElo "2708"]
[WhiteCountry "RUS"]
[BlackElo "2719"]
[BlackCountry "ESP"]
[Remark "0:31.06-0:30.44"]
[PresId "1000310014"]

1. c4 e5 2. Nc3 Nf6 3. Nf3 Nc6 4. g3 d5 5. cxd5 Nxd5 6. Bg2 Nb6 7. O-O
Be7 8. a3 Be6 9. b4 Nd4 10. Rb1 Nxf3+ 11. Bxf3 c6 12. b5 Rc8 13. bxc6
bxc6 14. d3 O-O 15. Qc2 Qd7 16. Na4 Nxa4 17. Qxa4 Rfd8 18. Be3 Bd5 19.
Bg2 Qd6 20. Rb7 Qxa3 21. Qxa3 Bxa3 22. Bxa7 Bf8 23. Rc1 c5 24. Bxd5
Rxd5 25. Bb6 Rd4 26. f3 Rb4 27. Rc7 Rxc7 28. Bxc7 f6 29. Ba5 Rb2 30.
f4 1/2-1/2
*

[Event "World Cup 2009"]
[Site "0:20.49-0:25.26"]
[Date "2009.11.27"]
[Round "31"]
[White "Caruana, Fabiano"]
[Black "Alekseev, Evgeny"]
[Result "1/2-1/2"]
[WhiteElo "2652"]
[WhiteCountry "ITA"]
[BlackElo "2715"]
[BlackCountry "RUS"]
[Remark "WCC 2009 Match 015"]
[PresId "1000310015"]

1. d4 Nf6 2. c4 e6 3. g3 c5 4. d5 exd5 5. cxd5 d6 6. Nc3 g6 7. Bg2 Bg7
8. Nf3 O-O 9. O-O Nbd7 10. a4 Ng4 11. Nd2 f5 12. h3 Nge5 13. f4 Nf7
14. e4 Nf6 15. exf5 Bxf5 16. Nc4 h5 17. Ne3 Nh6 18. Nxf5 Nxf5 19. Kh2
Re8 20. Re1 Qd7 21. Bd2 a6 22. a5 Nd4 23. Be3 1/2-1/2
*

[Event "World Cup 2009"]
[Site "0:12.58-0:16.34"]
[Date "2009.11.27"]
[Round "32"]
[White "Naiditsch, Arkadij"]
[Black "Svidler, Peter"]
[Result "1/2-1/2"]
[WhiteElo "2689"]
[WhiteCountry "GER"]
[BlackElo "2754"]
[BlackCountry "RUS"]
[Remark "WCC 2009 Match 003"]
[PresId "1000320003"]

1. e4 e5 2. Nf3 Nc6 3. Bb5 a6 4. Ba4 Nf6 5. O-O Be7 6. Re1 b5 7. Bb3
O-O 8. c3 d6 9. h3 Nb8 10. d4 Nbd7 11. Nbd2 Bb7 12. Bc2 Re8 13. Nf1
Bf8 14. Ng3 g6 15. a4 c5 16. d5 c4 17. Bg5 h6 18. Be3 Nc5 19. Qd2 h5
20. Bxc5 dxc5 21. Nf1 Re7 22. Qe3 Qc7 23. N1d2 Rb8 24. axb5 axb5 25.
b3 cxb3 26. Nxb3 c4 27. Nc5 Ree8 28. Na6 Bxa6 29. Rxa6 Bc5 30. Qg5 Rb6
31. Rea1 Nd7 32. Qg3 Reb8 33. Ng5 Kg7 34. Bd1 Nf6 35. Be2 b4 36. Bxc4
bxc3 37. d6 Rxd6 38. Rxd6 Qxd6 39. Qxc3 Bd4 40. Qd3 Rb2 41. Kh2 Qb4
42. Bxf7 Rxf2 43. Rb1 Rb2 44. Ba2 Rxb1 45. Qxb1 Qxb1 1/2-1/2
*

[Event "World Cup 2009"]
[Site "0:25.10-0:25.10"]
[Date "2009.11.29"]
[Round "33"]
[White "Svidler, Peter"]
[Black "Naiditsch, Arkadij"]
[Result "1/2-1/2"]
[WhiteElo "2754"]
[WhiteCountry "RUS"]
[BlackElo "2689"]
[BlackCountry "GER"]
[Remark "WCC 2009 Match 003"]
[PresId "1000330003"]

1. d4 Nf6 2. c4 e6 3. Nf3 d5 4. g3 dxc4 5. Bg2 c5 6. O-O Nc6 7. Ne5
Bd7 8. Na3 cxd4 9. Naxc4 Bc5 10. Qb3 O-O 11. Bf4 Rc8 12. Qxb7 Nxe5 13.
Nxe5 Rb8 14. Qxb8 Qxb8 15. Nxd7 Qb5 16. Nxf8 Bxf8 17. Rfd1 g5 18. a4
Qxe2 19. Rd2 Qh5 20. Be5 Ng4 21. Bxd4 Qxh2+ 22. Kf1 h5 23. Bxa7 h4 24.
Rd3 Ne5 25. Rc3 g4 26. gxh4 Nf3 27. Rxf3 gxf3 28. Bxf3 Qe5 29. a5 Qxb2
30. Rd1 Qb5+ 31. Kg2 Qxa5 32. Be3 Bc5 33. Bg5 Kg7 34. h5 Qa7 35. Be4
Be7 36. h6+ Kh8 37. Be3 Qa4 38. Rd4 Qb5 39. Bd3 Qh5 40. Rd7 Qg4+ 41.
Kf1 Qd1+ 42. Kg2 Qg4+ 1/2-1/2
*

[Event "World Cup 2009"]
[Site "0:00.37-0:00.18"]
[Date "2009.11.29"]
[Round "35"]
[White "Laznicka, Viktor"]
[Black "Bologan, Viktor"]
[Result "1-0"]
[WhiteElo "2637"]
[WhiteCountry "CZE"]
[BlackElo "2692"]
[BlackCountry "MDA"]
[Remark "WCC 2009 Match 004"]
[PresId "1000350004"]

1. d4 Nf6 2. c4 Nc6 3. Nf3 e6 4. g3 Bb4+ 5. Bd2 Qe7 6. Nc3 O-O 7. Bg2
Bxc3 8. Bxc3 Ne4 9. Rc1 d6 10. d5 Nb8 11. dxe6 fxe6 12. O-O Nd7 13.
Be1 a5 14. Nd2 Nef6 15. Nb3 a4 16. Nd4 e5 17. Nb5 Nc5 18. Bb4 Ne6 19.
Qd2 h6 20. f4 exf4 21. gxf4 Bd7 22. e4 c5 23. Bc3 Bxb5 24. cxb5 Rad8
25. Rce1 Kh8 26. Qd1 Nd7 27. Qd2 Qh4 28. f5 Nd4 29. Bxd4 cxd4 30. Qxd4
Ne5 31. Qxa4 Rxf5 32. Rxf5 Qxe1+ 33. Rf1 Qe3+ 34. Kh1 Rc8 35. Qd1 Qc5
36. a4 Qb4 37. b3 b6 38. Qd5 Qa3 39. Bh3 Rc1 40. Qa8+ Kh7 41. Bf5+ g6
42. Bxg6+ Kxg6 43. Qe8+ Kg5 44. Qe7+ Kh5 45. Qe8+ Ng6 46. Qf7 Rxf1+
47. Qxf1 Qc5 48. b4 Qe5 49. Qf5+ Qxf5 50. exf5 Ne5 51. a5 bxa5 52.
bxa5 Nc4 53. b6 Nxa5 54. h4 d5 55. Kg2 d4 56. Kf2 d3 57. Ke1 Nb7 58.
Kd2 Nc5 59. Ke3 Kg4 60. f6 d2 61. Ke2 Nd7 62. f7 Kf5 63. b7 Ke6 64.
f8Q Kd5 1-0
*